000 00576nam a22002057a 4500
999 _c3800
_d3800
003 AR-CdUCM
008 190307b ||||| |||| 00| 0 esp d
020 _aISBN
040 _aMUNICIPALIDAD PROVINCIAL DEL CUSCO
_cBIBLIOTECA MUNICIPAL DEL CUSCO
082 _a869.541 /
_bT73
100 _aTorres Asurza, Angela
_912259
245 _aMelgar /
_cAngela Torres Asurza.
260 _aLima :
_bBendezĂș,
_c1966.
300 _a120 paginas ;
_c18 cm.
500 _aLuis Nieto.
650 _aTeatro peruano
_92697
650 _aSiglo XX
_98
942 _2ddc
_cLIBROS
945 _aacrt